[Event "Hampshire Major"]
[Site "Eastleigh"]
[Date "2017.11.03"]
[Round "1"]
[White "Dray Pearce, Tristan"]
[Black "Sawers, Kevin"]
[Result "1/2-1/2"]
[WhiteElo "1768"]
[BlackElo "1624"]
[PlyCount "107"]
[EventDate "2017.11.03"]
[EventType "swiss"]
[EventRounds "6"]
[EventCountry "ENG"]
[SourceTitle "BritBase"]
[Source "John Saunders"]
[SourceDate "2017.11.19"]
[SourceVersion "1"]
[SourceVersionDate "2017.11.19"]
[SourceQuality "1"]

1. e4 c5 2. Nf3 e6 3. d4 cxd4 4. Nxd4 a6 5. Nc3 Qc7 6. a3 Nc6 7. Be3 g6 8. Qd2 Bg7 9. h4 h5 10. f3 Nxd4 11. Bxd4 Bh6 12. Be3 Qg3+ 13. Qf2 Qxf2+ 14. Bxf2 Bg7 15. Nd1 b5 16. c3 f5 17. Bd3 Bb7 18. exf5 gxf5 19. Ne3 Ne7 20. Nc2 Nd5 21. Ne3 Nxc3 22. Bxf5 exf5 23. Nxf5 Be5 24. f4 Bxg2 25. Rg1 Bf6 26. Rxg2 Ne4 27. O-O-O O-O-O 28. Bd4 Bxd4 29. Rxd4 d5 30. Rxd5 Rxd5 31. Ne7+ Kb7 32. Nxd5 Rc8+ 33. Kd1 Rd8 34. Rg7+ Kb8 35. Ke2 Rxd5 36. Ke3 Nf6 37. Rg6 Rd6 38. f5 Kc8 39. Kf4 Kd7 40. Kg5 Ne4+ 41. Kxh5 Rf6 42. Rg7+ Kd6 43. Rg6 Ke5 44. Rxf6 Kxf6 45. Kg4 Nd6 46. Kf4 Nxf5 47. h5 Nd6 48. h6 Nc4 49. Ke4 Nxb2 50. Kd4 Kg6 51. Kc5 Nc4 52. a4 bxa4 53. Kxc4 a5 54. Kc3 1/2-1/2

[Event "Hampshire Major"]
[Site "Eastleigh"]
[Date "2017.11.03"]
[Round "1"]
[White "Sellen, John R"]
[Black "Webb, Chris"]
[Result "1-0"]
[WhiteElo "1608"]
[BlackElo "1752"]
[PlyCount "134"]
[EventDate "2017.11.03"]
[EventType "swiss"]
[EventRounds "6"]
[EventCountry "ENG"]
[SourceTitle "BritBase"]
[Source "John Saunders"]
[SourceDate "2017.11.19"]
[SourceVersion "1"]
[SourceVersionDate "2017.11.19"]
[SourceQuality "1"]

1. f4 d5 2. Nf3 Bf5 3. e3 e6 4. d4 Nf6 5. Bd3 Bg4 6. Nbd2 a6 7. O-O Nc6 8. c3 h6 9. Qe1 Bd6 10. Ne5 Bxe5 11. fxe5 Nd7 12. e4 Qe7 13. exd5 exd5 14. Qf2 Be6 15. Nf3 O-O-O 16. Qe2 Ncb8 17. Bd2 g5 18. Be1 Rdg8 19. c4 g4 20. Nh4 Nc6 21. cxd5 Bxd5 22. Qe3 h5 23. Be4 Bxe4 24. Qxe4 Rg5 25. Qf4 Rf8 26. Nf5 Qd8 27. Nh4 Rgg8 28. Bg3 Qg5 29. Qxg5 Rxg5 30. Rad1 Nb4 31. a3 Nd5 32. Rd3 Kd8 33. Rf5 Rxf5 34. Nxf5 Re8 35. Ne3 N5b6 36. Bh4+ Kc8 37. Rd1 Nf8 38. Nf5 Ng6 39. Bf6 Nd5 40. Ng7 Rh8 41. Rf1 Ndf4 42. g3 Ne2+ 43. Kg2 h4 44. Nf5 Rh5 45. Nxh4 Nxh4+ 46. Bxh4 Nxd4 47. Rxf7 Rxe5 48. Rf8+ Kd7 49. Rd8+ Kc6 50. Rxd4 Re2+ 51. Kf1 Rxb2 52. Rxg4 Rxh2 53. Rg6+ Kd5 54. Rg7 Ra2 55. Rxc7 Rxa3 56. Rxb7 Ra1+ 57. Kg2 a5 58. Bf6 Ra2+ 59. Kh3 a4 60. Kg4 Rf2 61. Bg7 a3 62. Ba1 Ke4 63. Rb3 a2 64. Ra3 Kd5 65. Kg5 Ke6 66. Kg6 Rh2 67. g4 Rh8 1-0

[Event "Hampshire Major"]
[Site "Eastleigh"]
[Date "2017.11.03"]
[Round "1"]
[White "Foley, Phil"]
[Black "Wright, Richard"]
[Result "1-0"]
[WhiteElo "1736"]
[BlackElo "1584"]
[PlyCount "83"]
[EventDate "2017.11.03"]
[EventType "swiss"]
[EventRounds "6"]
[EventCountry "ENG"]
[SourceTitle "BritBase"]
[Source "John Saunders"]
[SourceDate "2017.11.19"]
[SourceVersion "1"]
[SourceVersionDate "2017.11.19"]
[SourceQuality "1"]

1. e4 Nc6 2. Nf3 e5 3. Bc4 Nf6 4. Ng5 Bc5 5. Bxf7+ Ke7 6. Bb3 Bxf2+ 7. Kxf2 Rf8 8. Ke1 d5 9. d3 h6 10. Nf3 Bg4 11. Nc3 dxe4 12. dxe4 Nd4 13. Be3 c5 14. Bxd4 cxd4 15. Nd5+ Kd6 16. Qd3 Bxf3 17. gxf3 Nh5 18. Ke2 Rc8 19. Rag1 g5 20. h4 gxh4 21. Rg6+ Rf6 22. Rxf6+ Nxf6 23. Nxf6 Qxf6 24. Qb5 Kc7 25. Bd5 b6 26. Qd3 Qg5 27. Kd1 Kd8 28. Qf1 Qe7 29. Qh3 Qc5 30. Qxh4+ Kc7 31. Qxh6 Kb8 32. Qd2 Qf8 33. Qe2 Qg7 34. Qf2 Rf8 35. Rg1 Rxf3 36. Rxg7 Rxf2 37. Rb7+ Kc8 38. Rxa7 Rh2 39. Re7 Rh1+ 40. Kd2 Rh2+ 41. Kd3 b5 42. Rxe5 1-0

[Event "Hampshire Major"]
[Site "Eastleigh"]
[Date "2017.11.03"]
[Round "1"]
[White "Stone, Mark"]
[Black "Moore, Gillian A"]
[Result "1/2-1/2"]
[WhiteElo "1568"]
[BlackElo "1728"]
[PlyCount "114"]
[EventDate "2017.11.03"]
[EventType "swiss"]
[EventRounds "6"]
[EventCountry "ENG"]
[SourceTitle "BritBase"]
[Source "John Saunders"]
[SourceDate "2017.11.19"]
[SourceVersion "1"]
[SourceVersionDate "2017.11.19"]
[SourceQuality "1"]

1. e4 Nf6 2. e5 Nd5 3. d4 d6 4. Nf3 dxe5 5. Nxe5 c6 6. c4 Nf6 7. Nc3 g6 8. Be2 Bg7 9. O-O O-O 10. Be3 Nbd7 11. Nxd7 Qxd7 12. Qd2 Rd8 13. Rfd1 Ng4 14. d5 Qc7 15. g3 Nxe3 16. Qxe3 c5 17. Bf3 Bd4 18. Nb5 Qe5 19. Nxd4 Qxe3 20. fxe3 cxd4 21. Rxd4 Rb8 22. c5 f5 23. b4 a6 24. a4 Kf8 25. b5 b6 26. c6 Rd6 27. Rc4 Ra8 28. Rcc1 Ra7 29. e4 fxe4 30. Bxe4 Ke8 31. Kf2 e6 32. dxe6 Rxe6 33. Bg2 Rae7 34. Re1 Rxe1 35. Rxe1 Rxe1 36. Kxe1 a5 37. Bd5 Ke7 38. Kd2 h6 39. Ke3 Kd6 40. Bb3 g5 41. h4 Ke5 42. Kf3 Bf5 43. hxg5 hxg5 44. Ke3 Bg4 45. Kd2 Bc8 46. Bd1 Kd6 47. Ke3 Ke5 48. Bf3 Kd6 49. Be4 Be6 50. Bc2 Ke5 51. Kf3 Kd6 52. g4 Kc7 53. Bd1 Kd6 54. Ke3 Ke5 55. Kf3 Bd5+ 56. Ke3 Be6 57. Kd3 Bc8 1/2-1/2

[Event "Hampshire Major"]
[Site "Eastleigh"]
[Date "2017.11.03"]
[Round "1"]
[White "Smith, Chris"]
[Black "Symons, John"]
[Result "0-1"]
[WhiteElo "1696"]
[BlackElo "1552"]
[PlyCount "74"]
[EventDate "2017.11.03"]
[EventType "swiss"]
[EventRounds "6"]
[EventCountry "ENG"]
[SourceTitle "BritBase"]
[Source "John Saunders"]
[SourceDate "2017.11.19"]
[SourceVersion "1"]
[SourceVersionDate "2017.11.19"]
[SourceQuality "1"]

1. c4 e5 2. Nc3 g6 3. g3 Bg7 4. Bg2 Nc6 5. e3 Nge7 6. Nge2 d6 7. d4 O-O 8. d5 Nb8 9. e4 f5 10. Bg5 Qe8 11. Qd2 fxe4 12. Nxe4 Nf5 13. Be3 Nxe3 14. Qxe3 Bf5 15. N2c3 a6 16. h3 Nd7 17. g4 Bxe4 18. Nxe4 h6 19. g5 h5 20. h4 Rf4 21. Bf1 Qf7 22. Bd3 Rf3 23. Qd2 Rf8 24. Rh2 Nc5 25. Nxc5 dxc5 26. Be4 Rf4 27. Qc2 Qe7 28. O-O-O Qd6 29. Bxg6 e4 30. Bxh5 Qe5 31. Re1 R4f5 32. Reh1 Rf4 33. Bg6 Qd4 34. Rd1 Qe5 35. Re1 Rf3 36. Rg2 Qf4+ 37. Kb1 Qxh4 {(0-1, Time).} 0-1

[Event "Hampshire Major"]
[Site "Eastleigh"]
[Date "2017.11.04"]
[Round "2"]
[White "Brown, Geoffrey M"]
[Black "Sellen, John R"]
[Result "1-0"]
[WhiteElo "1824"]
[BlackElo "1608"]
[PlyCount "101"]
[EventDate "2017.11.03"]
[EventType "swiss"]
[EventRounds "6"]
[EventCountry "ENG"]
[SourceTitle "BritBase"]
[Source "John Saunders"]
[SourceDate "2017.11.19"]
[SourceVersion "1"]
[SourceVersionDate "2017.11.19"]
[SourceQuality "1"]

1. f4 d5 2. Nf3 Nf6 3. e3 Bf5 4. b3 e6 5. Bb2 h6 6. Be2 Be7 7. O-O O-O 8. Ne5 Nbd7 9. c4 c6 10. Nc3 Nxe5 11. fxe5 Nd7 12. cxd5 cxd5 13. Nxd5 Be4 14. Nxe7+ Qxe7 15. Rf4 Bc6 16. Bf3 Rac8 17. Rc1 Bxf3 18. Rxf3 Nb6 19. e4 Qb4 20. d4 Rxc1 21. Qxc1 Rc8 22. Qf4 Qe7 23. h3 Rc2 24. Rf2 Qc7 25. Ba3 Rxf2 26. Qxf2 Qc6 27. Qe2 Qd7 28. Qd3 Qc6 29. Kf2 Qd7 30. Bb4 Qc6 31. Bd2 Kf8 32. a4 a6 33. g4 Nd7 34. Bf4 Nb6 35. Kg3 Kg8 36. h4 Qc8 37. Bd2 Qc6 38. Kf2 Qc8 39. Qc3 Qd8 40. Kg3 Qd7 41. Qc5 Nc8 42. d5 b6 43. Qc4 exd5 44. exd5 a5 45. Be3 Qd8 46. d6 Nxd6 47. exd6 Qxd6+ 48. Kg2 Qd1 49. Bxb6 Qd2+ 50. Bf2 Qd7 51. Qe4 1-0

[Event "Hampshire Major"]
[Site "Eastleigh"]
[Date "2017.11.04"]
[Round "2"]
[White "Stuart, Graham B"]
[Black "Piecha, Lucasz"]
[Result "0-1"]
[WhiteElo "1696"]
[BlackElo "1800"]
[PlyCount "74"]
[EventDate "2017.11.03"]
[EventType "swiss"]
[EventRounds "6"]
[EventCountry "ENG"]
[SourceTitle "BritBase"]
[Source "John Saunders"]
[SourceDate "2017.11.19"]
[SourceVersion "1"]
[SourceVersionDate "2017.11.19"]
[SourceQuality "1"]

1. e4 c5 2. d4 cxd4 3. c3 dxc3 4. Nxc3 g6 5. Bc4 Bg7 6. Nf3 Nc6 7. O-O d6 8. Qe2 Nf6 9. e5 dxe5 10. Nxe5 O-O 11. h3 a6 12. Rd1 Qc7 13. Nf3 b5 14. Bb3 Na5 15. Bc2 Nc4 16. Bb3 Bb7 17. Bxc4 Qxc4 18. Qxc4 bxc4 19. Ne5 Ne4 20. Nxe4 Bxe5 21. Nc5 Rad8 22. Bh6 Bd5 23. Bxf8 Kxf8 24. Ne4 Bxb2 25. Rab1 c3 26. Nxc3 Bxc3 27. Rbc1 Bf6 28. Rc5 e6 29. Ra5 Rd6 30. a3 Rb6 31. Rc5 Kg7 32. Rdc1 Bd4 33. Rc7 Rb2 34. R1c2 Rb3 35. a4 Ra3 36. Rd7 Ra1+ 37. Kh2 Be5+ 0-1

[Event "Hampshire Major"]
[Site "Eastleigh"]
[Date "2017.11.04"]
[Round "2"]
[White "Symons, John"]
[Black "Foley, Phil"]
[Result "0-1"]
[WhiteElo "1552"]
[BlackElo "1736"]
[PlyCount "66"]
[EventDate "2017.11.03"]
[EventType "swiss"]
[EventRounds "6"]
[EventCountry "ENG"]
[SourceTitle "BritBase"]
[Source "John Saunders"]
[SourceDate "2017.11.19"]
[SourceVersion "1"]
[SourceVersionDate "2017.11.19"]
[SourceQuality "1"]

1. c4 Nf6 2. Nc3 g6 3. g3 d5 4. cxd5 Nxd5 5. Bg2 Nxc3 6. bxc3 Bg7 7. d4 O-O 8. Nf3 c6 9. O-O Nd7 10. Ba3 Nb6 11. Qd3 Be6 12. Nd2 Qc7 13. Bb4 Rfd8 14. Qc2 Nd5 15. Ba3 Qd7 16. e4 Nb6 17. f4 Bxd4+ 18. Kh1 Bxc3 19. Qxc3 Qxd2 20. Qc5 Qd6 21. Qc3 Qd4 22. Qxd4 Rxd4 23. Bxe7 Ra4 24. a3 Nc4 25. Rf3 Re8 26. Bf6 Nd6 27. Rd3 Nxe4 28. Bxe4 Rxe4 29. Rad1 Bd5 30. Rxd5 cxd5 31. Rxd5 Re2 32. Kg1 Rc8 33. Kf1 Ra2 0-1

[Event "Hampshire Major"]
[Site "Eastleigh"]
[Date "2017.11.04"]
[Round "2"]
[White "Carter, John"]
[Black "Dray Pearce, Tristan"]
[Result "1/2-1/2"]
[WhiteElo "1680"]
[BlackElo "1768"]
[PlyCount "121"]
[EventDate "2017.11.03"]
[EventType "swiss"]
[EventRounds "6"]
[EventCountry "ENG"]
[SourceTitle "BritBase"]
[Source "John Saunders"]
[SourceDate "2017.11.19"]
[SourceVersion "1"]
[SourceVersionDate "2017.11.19"]
[SourceQuality "1"]

1. e4 c5 2. Nf3 d6 3. d4 cxd4 4. Nxd4 Nf6 5. Nc3 g6 6. Be2 Bg7 7. O-O O-O 8. Be3 Nc6 9. Qd2 a6 10. f3 d5 11. Nxc6 bxc6 12. Rad1 e6 13. Bc5 Re8 14. Na4 Nd7 15. Bf2 Qc7 16. c4 Bb7 17. Bg3 Qd8 18. Qb4 Bc8 19. Qd6 Bb7 20. Qb4 Bc8 21. c5 Bf8 22. Bd3 a5 23. Qc3 Bg7 24. Qb3 Bd4+ 25. Bf2 Bxf2+ 26. Rxf2 Rb8 27. Qc3 Qf6 28. Qxa5 e5 29. b3 Qg5 30. Qd2 Qxd2 31. Rfxd2 d4 32. Bc4 Kg7 33. Nb2 Nxc5 34. Nd3 Nxd3 35. Rxd3 c5 36. a4 Be6 37. Rc1 Bxc4 38. Rxc4 Rec8 39. Kf2 f6 40. Ke2 Kf7 41. Kd2 h5 42. Kc2 Ke6 43. Rd1 Kd6 44. a5 Rb4 45. Ra1 Rxc4+ 46. bxc4 Ra8 47. a6 Kc6 48. Ra5 Ra7 49. Kd3 Kb6 50. Rb5+ Kxa6 51. Rxc5 Kb6 52. Rb5+ Kc6 53. Kc2 Ra2+ 54. Rb2 Rxb2+ 55. Kxb2 Kc5 56. Kb3 f5 57. h4 d3 58. Kc3 d2 59. Kxd2 Kxc4 60. Ke3 f4+ 61. Kd2 1/2-1/2

[Event "Hampshire Major"]
[Site "Eastleigh"]
[Date "2017.11.04"]
[Round "2"]
[White "O'Gorman, Brendan"]
[Black "Stone, Mark"]
[Result "1-0"]
[WhiteElo "1808"]
[BlackElo "1568"]
[PlyCount "108"]
[EventDate "2017.11.03"]
[EventType "swiss"]
[EventRounds "6"]
[EventCountry "ENG"]
[SourceTitle "BritBase"]
[Source "John Saunders"]
[SourceDate "2017.11.19"]
[SourceVersion "1"]
[SourceVersionDate "2017.11.19"]
[SourceQuality "1"]

1. d4 d5 2. c4 c6 3. cxd5 cxd5 4. Bf4 Nc6 5. Nc3 Nf6 6. e3 e6 7. Bd3 Be7 8. Nf3 O-O 9. O-O a6 10. h3 b5 11. Rc1 Bb7 12. Qe2 Rc8 13. Rfd1 h6 14. Ne5 Kh8 15. Nxc6 Bxc6 16. Rc2 Bd6 17. Bxd6 Qxd6 18. Rdc1 Bb7 19. a3 Rfd8 20. b4 Qb8 21. Nb1 Rxc2 22. Rxc2 Rc8 23. Nd2 Rxc2 24. Bxc2 Ne4 25. Nb3 Nd6 26. Nc5 Qe8 27. Qd3 g6 28. Qe2 Bc8 29. Qf3 Kg7 30. h4 h5 31. Qg3 Qe7 32. Qe5+ Kh7 33. Qxh5+ Kg8 34. Qh6 Nf5 35. Bxf5 exf5 36. Qf4 Kh7 37. Qb8 Qe8 38. Nxa6 Qe6 39. Nc5 Qe8 40. g3 Kg7 41. Kg2 Bd7 42. Nxd7 Qxd7 43. Qe5+ Kf8 44. Qb8+ Ke7 45. Qb6 Ke8 46. Qf6 Kf8 47. Qh8+ Ke7 48. h5 gxh5 49. Qxh5 Qe6 50. Qg5+ Kd7 51. Qf4 Kc6 52. Qe5 Qd7 53. Qf6+ Kb7 54. Kf3 Kc7 1-0

[Event "Hampshire Major"]
[Site "Eastleigh"]
[Date "2017.11.04"]
[Round "2"]
[White "Venables, Simon"]
[Black "Matthew, Ian"]
[Result "1-0"]
[WhiteElo "1792"]
[BlackElo "1672"]
[PlyCount "69"]
[EventDate "2017.11.03"]
[EventType "swiss"]
[EventRounds "6"]
[EventCountry "ENG"]
[SourceTitle "BritBase"]
[Source "John Saunders"]
[SourceDate "2017.11.19"]
[SourceVersion "1"]
[SourceVersionDate "2017.11.19"]
[SourceQuality "1"]

1. d4 f5 2. g4 fxg4 3. e4 d6 4. Nc3 g6 5. Be2 Bg7 6. Be3 Nc6 7. Qd2 e5 8. d5 Nd4 9. O-O-O Bd7 10. Kb1 h5 11. h3 gxh3 12. Nxh3 Bxh3 13. Rxh3 Nxe2 14. Qxe2 Bh6 15. Qb5+ Qd7 16. Qxb7 Rd8 17. Rg3 Bxe3 18. fxe3 Ne7 19. Nb5 O-O 20. Qxc7 Qxc7 21. Nxc7 Rc8 22. Nb5 Rf2 23. Rc1 h4 24. Rh3 g5 25. Nxd6 Rd8 26. Nc4 Ng6 27. b3 g4 28. Rhh1 g3 29. Rcg1 Rdf8 30. Kb2 Re2 31. d6 Rff2 32. d7 Rf8 33. Nd6 Rd8 34. Nf5 g2 35. Rh2 1-0

[Event "Hampshire Major"]
[Site "Eastleigh"]
[Date "2017.11.04"]
[Round "2"]
[White "Moore, Gillian A"]
[Black "Evans, Thomas"]
[Result "1-0"]
[WhiteElo "1728"]
[BlackElo "1640"]
[PlyCount "97"]
[EventDate "2017.11.03"]
[EventType "swiss"]
[EventRounds "6"]
[EventCountry "ENG"]
[SourceTitle "BritBase"]
[Source "John Saunders"]
[SourceDate "2017.11.19"]
[SourceVersion "1"]
[SourceVersionDate "2017.11.19"]
[SourceQuality "1"]

1. d4 Nf6 2. Bg5 Ne4 3. h4 h6 4. Bf4 d5 5. Nd2 Bf5 6. e3 e6 7. Nxe4 Bxe4 8. f3 Bh7 9. Bd3 Bxd3 10. Qxd3 Bd6 11. Qb5+ c6 12. Qxb7 Bxf4 13. exf4 O-O 14. Ne2 Qd6 15. a3 Nd7 16. Qb4 Qxb4+ 17. axb4 Rfb8 18. c3 a5 19. Rxa5 Rxa5 20. bxa5 Rxb2 21. Kf2 Ra2 22. Rb1 Rxa5 23. Rb7 Nf6 24. Rb8+ Kh7 25. Rc8 Ra6 26. g4 Rb6 27. Ke3 g6 28. Rc7 Kg7 29. Nc1 Rb1 30. Nd3 Rh1 31. Ne5 Ne8 32. Rxf7+ Kg8 33. Re7 Ng7 34. Nxg6 Kh7 35. h5 Kg8 36. Rc7 Re1+ 37. Kf2 Rc1 38. Rxc6 Rc2+ 39. Ke3 Rc1 40. Ne5 Re1+ 41. Kd2 Rf1 42. Kc2 Re1 43. Kb2 Ne8 44. Rxe6 Nc7 45. Rxh6 Nb5 46. Rg6+ Kh7 47. Rc6 Re2+ 48. Kb3 Re3 49. Kb4 1-0

[Event "Hampshire Major"]
[Site "Eastleigh"]
[Date "2017.11.04"]
[Round "2"]
[White "Hudson, Jeremy"]
[Black "Coburn, Joe"]
[Result "1/2-1/2"]
[WhiteElo "1656"]
[BlackElo "1856"]
[PlyCount "67"]
[EventDate "2017.11.03"]
[EventType "swiss"]
[EventRounds "6"]
[EventCountry "ENG"]
[SourceTitle "BritBase"]
[Source "John Saunders"]
[SourceDate "2017.11.19"]
[SourceVersion "1"]
[SourceVersionDate "2017.11.19"]
[SourceQuality "1"]

1. d4 d6 2. c4 Nf6 3. Nc3 Nbd7 4. e4 e5 5. d5 Be7 6. Bd3 Nc5 7. Bc2 a5 8. Be3 O-O 9. h3 Bd7 10. Nf3 b6 11. O-O Ne8 12. b3 g6 13. a3 f5 14. Bh6 Ng7 15. exf5 Bxf5 16. Bxf5 gxf5 17. Qc2 Bf6 18. Rad1 e4 19. Nd4 Bxd4 20. Rxd4 Qf6 21. Bxg7 Kxg7 22. Rdd1 Nd3 23. Nb5 Rf7 24. f3 Qe7 25. fxe4 fxe4 26. Rxf7+ Qxf7 27. Rf1 Qe7 28. Nd4 Kg8 29. Nf5 Qe5 30. Nh6+ Kg7 31. Nf5+ Kg8 32. Nh6+ Kg7 33. Nf5+ Kg8 34. Nh6+ 1/2-1/2

[Event "Hampshire Major"]
[Site "Eastleigh"]
[Date "2017.11.04"]
[Round "2"]
[White "Wright, Richard"]
[Black "Dore, Alex"]
[Result "1-0"]
[WhiteElo "1584"]
[BlackElo "1816"]
[PlyCount "51"]
[EventDate "2017.11.03"]
[EventType "swiss"]
[EventRounds "6"]
[EventCountry "ENG"]
[SourceTitle "BritBase"]
[Source "John Saunders"]
[SourceDate "2017.11.19"]
[SourceVersion "1"]
[SourceVersionDate "2017.11.19"]
[SourceQuality "1"]

1. c4 e5 2. g3 Nc6 3. Nc3 Nf6 4. Bg2 Bb4 5. d3 O-O 6. e4 d6 7. Nge2 Bg4 8. f3 Bh5 9. Be3 Qd7 10. Qc2 Rfe8 11. O-O-O b6 12. h4 h6 13. g4 Bg6 14. h5 Bh7 15. Bh3 Bxc3 16. Nxc3 Qd8 17. Rdg1 Kh8 18. g5 Nxh5 19. gxh6 g6 20. Nd5 Nd4 21. Qf2 c6 22. Nb4 a5 23. Nc2 c5 24. f4 Nxf4 25. Bxf4 Nxc2 26. Bg5 1-0

[Event "Hampshire Major"]
[Site "Eastleigh"]
[Date "2017.11.04"]
[Round "2"]
[White "Webb, Chris"]
[Black "Smith, Chris"]
[Result "0-1"]
[WhiteElo "1752"]
[BlackElo "1696"]
[PlyCount "78"]
[EventDate "2017.11.03"]
[EventType "swiss"]
[EventRounds "6"]
[EventCountry "ENG"]
[SourceTitle "BritBase"]
[Source "John Saunders"]
[SourceDate "2017.11.19"]
[SourceVersion "1"]
[SourceVersionDate "2017.11.19"]
[SourceQuality "1"]

1. d4 d5 2. Bf4 Nf6 3. e3 c5 4. Nf3 Nc6 5. c3 c4 6. Nbd2 b5 7. h3 Bf5 8. Be2 h6 9. Ne5 Nxe5 10. Bxe5 e6 11. O-O Bd6 12. f4 O-O 13. Nf3 Ne4 14. Bxd6 Qxd6 15. Qe1 Qe7 16. Nh4 Bh7 17. Kh2 Rab8 18. Rg1 b4 19. cxb4 Rxb4 20. b3 cxb3 21. axb3 Rxb3 22. Bf3 Rc8 23. Bxe4 Bxe4 24. Qg3 Rcc3 25. Rge1 Rc2 26. Nf3 Rbb2 27. Rg1 Re2 28. Nh4 Qxh4 29. Qxh4 Rxg2+ 30. Rxg2 Rxg2+ 31. Kh1 Rg4+ 32. Kh2 Rxh4 33. Rxa7 Bf5 34. Ra8+ Kh7 35. Rf8 Kg6 36. Ra8 Rxh3+ 37. Kg2 Rxe3 38. Ra1 Rd3 39. Ra4 h5 0-1

[Event "Hampshire Major"]
[Site "Eastleigh"]
[Date "2017.11.04"]
[Round "3"]
[White "Piecha, Lucasz"]
[Black "Brown, Geoffrey M"]
[Result "0-1"]
[WhiteElo "1800"]
[BlackElo "1824"]
[PlyCount "100"]
[EventDate "2017.11.03"]
[EventType "swiss"]
[EventRounds "6"]
[EventCountry "ENG"]
[SourceTitle "BritBase"]
[Source "John Saunders"]
[SourceDate "2017.11.19"]
[SourceVersion "1"]
[SourceVersionDate "2017.11.19"]
[SourceQuality "1"]

1. d4 e6 2. c4 Nf6 3. Nc3 Bb4 4. Nf3 O-O 5. e3 b6 6. Bd3 Bb7 7. O-O Bxc3 8. bxc3 Ne4 9. Nd2 f5 10. Qc2 Ng5 11. f4 Nf7 12. e4 g6 13. d5 Na6 14. Nb3 Qe7 15. a4 c5 16. e5 d6 17. Qe2 Rfe8 18. Rb1 Nc7 19. Na5 Rab8 20. Nxb7 Rxb7 21. g4 fxg4 22. Qxg4 Nh6 23. Qg5 Qxg5+ 24. fxg5 Nf7 25. exd6 Nxd6 26. Be3 exd5 27. Bf4 Nxc4 28. Rbe1 Rxe1 29. Rxe1 Kf7 30. Rf1 Kg8 31. Be2 Ne6 32. Bc1 Re7 33. Bg4 Ne5 34. Bh3 Kg7 35. Rf6 Nc7 36. Bf4 Ne8 37. Bxe5 Rxe5 38. Rc6 Rxg5+ 39. Kf2 Re5 40. a5 bxa5 41. Rxc5 Nf6 42. Bg2 Rf5+ 43. Ke2 Ne4 44. Rc7+ Rf7 45. Rxf7+ Kxf7 46. Kd3 Ke6 47. c4 Nf6 48. c5 Kd7 49. Kd4 Kc6 50. Bh3 a4 0-1

[Event "Hampshire Major"]
[Site "Eastleigh"]
[Date "2017.11.04"]
[Round "3"]
[White "Foley, Phil"]
[Black "O'Gorman, Brendan"]
[Result "1/2-1/2"]
[WhiteElo "1736"]
[BlackElo "1808"]
[PlyCount "102"]
[EventDate "2017.11.03"]
[EventType "swiss"]
[EventRounds "6"]
[EventCountry "ENG"]
[SourceTitle "BritBase"]
[Source "John Saunders"]
[SourceDate "2017.11.19"]
[SourceVersion "1"]
[SourceVersionDate "2017.11.19"]
[SourceQuality "1"]

1. e4 c5 2. Nf3 a6 3. Nc3 b5 4. d4 cxd4 5. Nxd4 Bb7 6. f3 e6 7. Be3 Qc7 8. Qd2 Nf6 9. a3 Be7 10. Nb3 d6 11. O-O-O Nbd7 12. Qf2 O-O 13. g4 Nc5 14. Nxc5 dxc5 15. g5 Nd7 16. Qg3 Qxg3 17. hxg3 Rfd8 18. Be2 Nf8 19. Kb1 Rxd1+ 20. Rxd1 Rd8 21. Rxd8 Bxd8 22. Bxc5 Bxg5 23. a4 Nd7 24. Bd6 bxa4 25. Nxa4 Be3 26. b4 h5 27. c4 g5 28. Kc2 g4 29. Kd3 gxf3 30. Bxf3 Bf2 31. Bxh5 Bc6 32. Nc3 Kg7 33. Nd1 Bg1 34. Ne3 Bxe4+ 35. Kxe4 Nf6+ 36. Kf3 Nxh5 37. c5 Nf6 38. Be5 Kg6 39. c6 Ne8 40. c7 Nxc7 41. Bxc7 f6 42. Bb6 e5 43. Kg2 Bxe3 44. Bxe3 f5 45. Kf3 Kf6 46. Bd2 Ke6 47. g4 fxg4+ 48. Kxg4 Kd5 49. Kf3 Kc4 50. Ke4 Kb5 51. Kxe5 a5 1/2-1/2

[Event "Hampshire Major"]
[Site "Eastleigh"]
[Date "2017.11.04"]
[Round "3"]
[White "Carter, John"]
[Black "Venables, Simon"]
[Result "1/2-1/2"]
[WhiteElo "1680"]
[BlackElo "1792"]
[PlyCount "116"]
[EventDate "2017.11.03"]
[EventType "swiss"]
[EventRounds "6"]
[EventCountry "ENG"]
[SourceTitle "BritBase"]
[Source "John Saunders"]
[SourceDate "2017.11.19"]
[SourceVersion "1"]
[SourceVersionDate "2017.11.19"]
[SourceQuality "1"]

1. e4 e5 2. Nf3 f5 3. exf5 e4 4. Ne5 Qf6 5. d4 d6 6. Qh5+ g6 7. fxg6 hxg6 8. Qxg6+ Qxg6 9. Nxg6 Rh7 10. Nxf8 Kxf8 11. c4 Nc6 12. Be3 Nf6 13. Be2 Ng4 14. h3 Nb4 15. Na3 Nd3+ 16. Bxd3 exd3 17. Kd2 Nxe3 18. fxe3 Bf5 19. Rhf1 Rf7 20. g4 Be4 21. Rxf7+ Kxf7 22. Rf1+ Kg6 23. h4 Rh8 24. Rf4 d5 25. cxd5 Bxd5 26. h5+ Kg7 27. b3 c6 28. Nc4 b5 29. Nb2 a5 30. Nxd3 a4 31. Nb4 axb3 32. axb3 Bxb3 33. Nxc6 Rc8 34. Nb4 Kh6 35. Rf5 Ba4 36. Rc5 Rg8 37. Rc6+ Kg5 38. d5 Bb3 39. e4 Kf4 40. Nd3+ Kxe4 41. Rg6 Rxg6 42. hxg6 Bxd5 43. Kc3 Bc4 44. g7 Bg8 45. Nc5+ Kf4 46. Nd7 Kg5 47. Kb4 Kg6 48. Kxb5 Kxg7 49. Ne5 Be6 50. g5 Bf5 51. Kc5 Bb1 52. Kd4 Bc2 53. Ke3 Bb1 54. Kf4 Bc2 55. Nc4 Kg6 56. Ne5+ Kg7 57. Nc4 Kg6 58. Ne5+ Kg7 1/2-1/2

[Event "Hampshire Major"]
[Site "Eastleigh"]
[Date "2017.11.04"]
[Round "3"]
[White "Sawers, Kevin"]
[Black "Moore, Gillian A"]
[Result "0-1"]
[WhiteElo "1624"]
[BlackElo "1728"]
[PlyCount "70"]
[EventDate "2017.11.03"]
[EventType "swiss"]
[EventRounds "6"]
[EventCountry "ENG"]
[SourceTitle "BritBase"]
[Source "John Saunders"]
[SourceDate "2017.11.19"]
[SourceVersion "1"]
[SourceVersionDate "2017.11.19"]
[SourceQuality "1"]

1. e4 Nf6 2. Nc3 e5 3. g3 Bb4 4. Bg2 O-O 5. Nge2 Nc6 6. O-O Re8 7. d3 h6 8. a3 Be7 9. f4 Bc5+ 10. Kh1 Ng4 11. Qe1 Ne3 12. Bxe3 Bxe3 13. Nd5 Bc5 14. fxe5 Rxe5 15. b4 Bb6 16. Nxb6 axb6 17. Qf2 Qe8 18. d4 Re7 19. Nc3 d6 20. b5 Nd8 21. Nd5 Rd7 22. Qe3 Ne6 23. Rf6 Qd8 24. Rxh6 c6 25. Nf6+ gxf6 26. Rf1 Qf8 27. Rfxf6 Qg7 28. Bh3 Rc7 29. Bf5 Qg5 30. Qxg5+ Nxg5 31. Bxc8 Rcxc8 32. Rxd6 Rxa3 33. Rd7 Ra1+ 34. Kg2 cxb5 35. Rxb7 Rxc2# 0-1

[Event "Hampshire Major"]
[Site "Eastleigh"]
[Date "2017.11.04"]
[Round "3"]
[White "Dray Pearce, Tristan"]
[Black "Symons, John"]
[Result "1-0"]
[WhiteElo "1768"]
[BlackElo "1552"]
[PlyCount "79"]
[EventDate "2017.11.03"]
[EventType "swiss"]
[EventRounds "6"]
[EventCountry "ENG"]
[SourceTitle "BritBase"]
[Source "John Saunders"]
[SourceDate "2017.11.19"]
[SourceVersion "1"]
[SourceVersionDate "2017.11.19"]
[SourceQuality "1"]

1. e4 d6 2. d4 Nf6 3. Nc3 g6 4. f4 Bg7 5. Nf3 c6 6. Be3 Ng4 7. Qd2 Nxe3 8. Qxe3 Qa5 9. Bd3 Nd7 10. O-O e5 11. fxe5 dxe5 12. d5 O-O 13. dxc6 bxc6 14. Bc4 Nb6 15. Bb3 Ba6 16. Rf2 Bc4 17. h4 h5 18. Qg5 Qc5 19. Rd1 Rae8 20. Nd2 Re6 21. Nxc4 Nxc4 22. Bxc4 Qxc4 23. Rdf1 Qc5 24. Kh2 Qb4 25. Qe3 Qxb2 26. Qxa7 Rf6 27. Nd1 Rxf2 28. Nxb2 Rxf1 29. Qa6 Rf6 30. Nd3 Re6 31. Nc5 Rf6 32. a4 Rf2 33. Qc4 Rd8 34. Nd3 Bh6 35. Qxc6 Bf4+ 36. Nxf4 exf4 37. e5 Re2 38. a5 Rdd2 39. a6 Rxc2 40. a7 1-0